01965camaa2200409 a 4500003000900000005001700009008004100026020001800067035002700085035001800112250001100130264007300141300003500214035001800249490001700267082001800284100004100302245023100343504002700574505025200601526000900853526000900862526000800871526000800879526000800887600007000895650003100965650003900996859001101035910001501046942001401061949006201075596000601137999017301143980005501316952018401371PE-LiUPU20250731183333.0 co ag 1 spa  a9789587019193 a(Sirsi) i9789587019193 a(Sirsi) 52006 a1a ed. 1aBogotábUniversidad Nacional de Colombia : Facultad de artesc2007 a232p.bilustraciones ;c21 cm. a(Sirsi) 520060 aPunto aparte04a720.9861bR741 aRodríguez Botero, Germán Darío aDe la arquitectura orgánica a la arquitectura del luga :ben las casas Wilkie (1962) y Calderón (1963) de Fernando Martínez Sanabria (una aproximación a partir de la experiencia) /cGermán Darío Rodríguez Botero. aIncluye bibliografía0 a¿Quién fue Fernando Martínez Sanabria? -- ¿Qué se entiende por orgánico en la arquitectura? -- De la arquitectura orgánica a la arquitectura del lugar. La experiencia de "estar en el mundo": las casas Wilkie (1962) y Calderón (1963). aP158 aP146 aP17 aP12 aP0614aMartínez Sanabria, Fernando, d1925-1991xTrabajos pictóricos04aTrabajos arquitectónicos04aArquitectura colombiana ySiglo XX q69395  agl20131205 2ddccBOOK i69395lCCODEBUL1mBULtLIBROo.STAFF. Colección General a1 a720.9861 R74wDEWEYc5988i69395d5988e2017-5-16f2021-11-9g7lCCODEBUL1mBULn1p23.00q1r0sYtBOOKu2015-7-6xINGENIERIAPP060COMPRAo.STAFF. Colección General 81gALBERTO SANCHEZ Responsable de Automatización r2025-12-03 00:00:00i8l1o720.9861 R74p69395s2017-05-16te1v28.00w2015-07-06xFIAyBKzinventario-2023-12-13102ddc50708GENfP06aBULbBULcGENd2015-07-06eCOMPRAg23.00